| 000 | 00630nam a2200217 a 4500 | ||
|---|---|---|---|
| 005 | 20240913063730.0 | ||
| 008 | 030311s2001 mx r 000 0 spa d | ||
| 020 | _a847030920X | ||
| 035 | _aUPN01000122761 | ||
| 049 | _aCG | ||
| 050 | 4 |
_aHM101 _bS8.2 |
|
| 100 | 1 |
_aSubirats, Eduardo, _d1947- _933724 |
|
| 245 | 1 | 0 |
_aCulturas virtuales / _cEduardo Subirats. |
| 260 |
_aMadrid : _bBiblioteca Nueva, _c2001. |
||
| 300 | _a86 p. | ||
| 440 | 0 |
_aMetrópoli. _pLos espacios de la arquitectura ; _v10 |
|
| 650 | 4 |
_aCultura _97095 |
|
| 650 | 4 |
_aMedios masivos de comunicación _99547 |
|
| 650 | 2 |
_aPostmodernismo _95929 |
|
| 905 | _aLibro | ||
| 999 |
_c94944 _d94944 |
||